| 000 | 00486nam a2200169 a 4500 | ||
|---|---|---|---|
| 005 | 20140412111307.0 | ||
| 008 | 010426s19uu xx 00 eng d | ||
| 020 | _a0-7445-1608-0 | ||
| 050 |
_aTR(PS E _bZo 1992 |
||
| 100 | _aEyles, Heather | ||
| 245 |
_aA zoo in our house / _cwritten by Heather Eyles; illustrated by Andy Cooke. |
||
| 260 |
_aLondon : _bWalker Books, _c1988. |
||
| 300 | _a1v. (unp.) ; ill. | ||
| 440 | _aReading time | ||
| 650 | _aZoo - Stories | ||
| 999 |
_c103759 _d103759 |
||